Projektový manažment mení život manažéra

Praktická znalosť projektového manažmentu nie je cieľ - len prostriedok na dosiahnutie vizíí, snov a cieľov.

Gespeichert in:
Bibliographische Detailangaben
1. Verfasser: Minárik, Peter
Format: Buchkapitel
Sprache:Slowakisch
Schlagworte:
Tags: Tag hinzufügen
Keine Tags, Fügen Sie das erste Tag hinzu!

MARC

LEADER 00000naa a2200000 4500
001 0174410
005 20220725110929.9
041 0 |a slo 
044 |a SK 
245 1 0 |a Projektový manažment mení život manažéra  |c Peter Minárik 
520 |a Praktická znalosť projektového manažmentu nie je cieľ - len prostriedok na dosiahnutie vizíí, snov a cieľov. 
610 2 0 |a podnikanie 
610 2 0 |a manažment strategický 
610 2 0 |a riadenie projektové 
100 1 |a Minárik, Peter